| 000 | 00431nam a22001577a 4500 | ||
|---|---|---|---|
| 005 | 20260106151339.0 | ||
| 008 | 260106b |||||||| |||| 00| 0 eng d | ||
| 020 | _a978-93-89991-02-4 | ||
| 100 | _aGUPTA, SHRINIWAS | ||
| 245 | _aTEXTBOOK ON THE LIMITATION ACT | ||
| 260 |
_aHARYANA, INDIA _bLEXISNEXIS _c2020 |
||
| 300 | _aXLIII, 405P. | ||
| 500 | _aINCLUDES INDEX | ||
| 650 | _aLIMITATION OF ACTIONS -INDIA | ||
| 942 |
_2lcc _cBK |
||
| 999 |
_c216412 _d216412 |
||